000 00548 a2200205 4500
001 001523
003 OSt
005 20211007123043.0
008
020 _a0471794686
040 _cCURAJ
082 _a337
_bS38I
100 1 _aSalvatore, Dominick
245 1 _aInternational economics
_cby Dominick Salvatore
250 _a4th ed.
260 _aNew Delhi
_bWiley India
_c2010
300 _a826p.
690 _aInternational economic relations; International trade; International finance
942 _2ddc
_cBK
999 _c35
_d35